=LDR 00000nam 2200000 4500 =001 INLIS000000000038944 =005 20130612144613 =008 ***********************************ind** =035 ##$$a0010-061300000038944 =041 ##$$a ind =082 ##$$a 813 =090 ##$$a 813, Mir l =100 ##$$a MIRA, Lavrentia =245 ##$$a Love abuse, Cinta tanpa rekayasa, Lavrentia mira =260 ##$$a 2011 $b Jakarta =300 ##$$a 440 Hlm, 18 cm =650 ##$$a FIKSI =850 ##$$a NBPNMAT =990 ##$$a 91510/BPAP-NTB/2014 =990 ##$$a 91597/BPAP-NTB/2014